Euforia social : (Record no. 153205)

MARC details
000 -LEADER
campo de control de longitud fija 01036nam a22002055i 4500
001 - NÚMERO DE CONTROL
campo de control 153205
003 - IDENTIFICADOR DE NÚMERO DE CONTROL
campo de control ES-MaACL
005 - FECHA Y HORA DE LA ÚLTIMA TRANSACCIÓN
campo de control 20250901015451.0
008 - DATOS DE LONGITUD FIJA--INFORMACIÓN GENERAL
campo de control de longitud fija 050905s1902 sp | |||||||| ||spa d
100 1# - ENTRADA PRINCIPAL--NOMBRE DE PERSONA
Nombre de persona Comenge y Ferrer, Luis,
Fechas asociadas al nombre 1854-1916
9 (RLIN) 126554
245 10 - MENCIÓN DEL TÍTULO
Título Euforia social :
Resto del título memoria reglamentaria para la inauguración del curso 1902 de la Academia del Cuerpo Médico Municipal de Barcelona /
Mención de responsabilidad, etc. por Luis Comenge y Ferrer.
260 ## - PUBLICACIÓN, DISTRIBUCIÓN, ETC.
Lugar de publicación, distribución, etc. Barcelona :
Nombre del editor, distribuidor, etc. [s.n.],
Fecha de publicación, distribución, etc. 1902 (
Fabricante Imp. de la Casa Provincial de Caridad)
300 ## - DESCRIPCIÓN FÍSICA
Extensión 43 p. ;
Dimensiones 26 cm.
530 ## - NOTA DISPONIBLE DE FORMULARIO FÍSICO ADICIONAL
Nota de formato físico adicional disponible Disponible en formato digital.
650 #7 - PUNTO DE ACCESO ADICIONAL DE MATERIA--TÉRMINO DE MATERIA
Término de materia o nombre geográfico como elemento de entrada Emociones y sentimientos (Filosofía)
Fuente del encabezamiento o término embne
9 (RLIN) 12198
710 2# - ENTRADA AGREGADA--NOMBRE DE ENTIDAD CORPORATIVA
Nombre de entidad corporativa o nombre de jurisdicción como elemento de entrada Academia del Cuerpo Médico Municipal de Barcelona.
9 (RLIN) 172868
852 ## - LOCALIZACIÓN
Ubicación ES-MaACL
Número de control de estantería T-985-F-12
Nota libre - Enc. hol., conservando la enc. original
-- - Dedicatoria autógrafa del autor
-- - Enc. en un vol. facticio
856 ## - LOCALIZACIÓN Y ACCESO ELECTRÓNICOS
Identificador Uniforme de Recursos <a href="http://biblioteca.ateneubcn.org:8080/ateneu/ca/consulta/registro.cmd?id=5823393">http://biblioteca.ateneubcn.org:8080/ateneu/ca/consulta/registro.cmd?id=5823393</a>
Nota pública Ateneu Barcelonès
Holdings
Estatus retirado Estado de pérdida Estado de daño No para préstamo Colección Biblioteca de origen Biblioteca actual Ubicación en estantería Fecha de adquisición Total de préstamos Signatura topográfica completa Código de barras Visto por última vez Precio de reemplazo Tipo de ítem Koha
        Colección de folletos Biblioteca del Ateneo de Madrid Biblioteca del Ateneo de Madrid Depósito folletos 17/01/2008   T-985-F-12 1160089 23/02/2023 23/02/2023 Folleto